000 01069nam a22003377a 4500
003 CHAP
005 20220329134319.0
008 971013s1962 r 00010 d
010 _a18587
011 _a19559
035 _a23644
040 _cCHAP
090 _aFolleto 4516
100 0 0 _aAlfaro, Gregorio.
_93923
245 _aProducción de maíz en la zona de Miramar y Esparta, Costa Rica
260 _a(s.l.) :
_bMinisterio de Agricultura y Ganadería,
_c1962
300 _as.p.
490 _aPublicación 36
_v; 6
590 _aBATCH-UPD
_b10
_c20130110
_lUCH01
_h0305
590 _aBATCH-UPD
_b10
_c20130110
_lUCH01
_h2140
590 _aBATCH-UPD
_b10
_c20130409
_lUCH01
_h2337
590 _aBATCH-UPD
_b10
_c20130410
_lUCH01
_h1448
590 _aBATCH-UPD
_b10
_c20130914
_lUCH01
_h1749
590 _aCONVERSION
_b10
_c20130109
_lUCH01
_h1311
650 1 4 _aMaíz
_xCosta Rica.
_970914
700 0 _aKling, John O.
_963461
830 0 _aPublicación 36
_v; 6
_992749
901 _aBK
942 _cFOLL
949 _aFolleto 4516
_bBC
_cFOLL
_d-54921
_eTS1
_i23644
_mD
_si
999 _c18587
_d18587